Số phận con người trong tiểu thuyết Bến không chồng của Dương Hướng
Những vấn đề chung. Bức tranh số phận con người trong tiểu thuyết Bến không chồng. Nghệ thuật trần thuật về số phận con người trong tiểu thuyết Bến không chồng.
Gespeichert in:
| 1. Verfasser: | |
|---|---|
| Weitere Verfasser: | |
| Format: | Buch |
| Sprache: | Vietnamese |
| Veröffentlicht: |
Đại học Đà Nẵng
Trường Đại học Sư phạm
2011
|
| Schriftenreihe: | Khóa luận tốt nghiệp Đại học. Chuyên ngành: Sư phạm Ngữ văn
|
| Schlagworte: | |
| Tags: |
Tag hinzufügen
Keine Tags, Fügen Sie den ersten Tag hinzu!
|
| Thư viện lưu trữ: | Mạng thư viện Đại học Đà Nẵng |
|---|
| LEADER | 01532nam a2200349 4500 | ||
|---|---|---|---|
| 001 | 000011323 | ||
| 003 | 7563 | ||
| 005 | 20120203100238.0 | ||
| 008 | 120203s2011 viesd | ||
| 041 | |a vie | ||
| 072 | |a Khóa luận tốt nghiệp | ||
| 082 | |a 895.9223 |b PH-L | ||
| 100 | 1 | |a Phạm, Thị Lan | |
| 245 | 1 | |a Số phận con người trong tiểu thuyết Bến không chồng của Dương Hướng |c Phạm, Thị Lan | |
| 260 | |a Đại học Đà Nẵng |b Trường Đại học Sư phạm |c 2011 | ||
| 300 | |a 71 tr. |c 29 cm | ||
| 490 | |a Khóa luận tốt nghiệp Đại học. Chuyên ngành: Sư phạm Ngữ văn | ||
| 500 | |a tham khảo cuối bài | ||
| 520 | |a Những vấn đề chung. Bức tranh số phận con người trong tiểu thuyết Bến không chồng. Nghệ thuật trần thuật về số phận con người trong tiểu thuyết Bến không chồng. | ||
| 653 | |a Khóa luận tốt nghiệp Đại học | ||
| 653 | |a Khoa Ngữ văn | ||
| 700 | 1 | |a Nguyễn, Khắc Sính |c GVC.TS |e Hướng dẫn | |
| OWN | |a LSP | ||
| AVA | |a UDN50 |b LSP |d 895.9223 PH-L |e available |t Error 5001 Not defined in file expand_doc_bib_avail. |f 1 |g 0 |h N |i 0 |k 1 | ||
| 999 | |a From the UDN01 | ||
| AVA | |a UDN50 |b LSP |d 895.9223 PH-L |e available |t Error 5001 Not defined in file expand_doc_bib_avail. |f 1 |g 0 |h N |i 0 |k 1 | ||
| TYP | |a Monograph | ||
| TYP | |a Printed language | ||
| 980 | |a Mạng thư viện Đại học Đà Nẵng | ||